<?xml version="1.0" encoding="UTF-8"?>
<record
    xmlns:xsi="http://www.w3.org/2001/XMLSchema-instance"
    xsi:schemaLocation="http://www.loc.gov/MARC21/slim http://www.loc.gov/standards/marcxml/schema/MARC21slim.xsd"
    xmlns="http://www.loc.gov/MARC21/slim">

  <leader>04219cam a2200277   4500500</leader>
  <controlfield tag="005">20251228072448.0</controlfield>
  <datafield tag="041" ind1=" " ind2=" ">
    <subfield code="a">fre</subfield>
  </datafield>
  <datafield tag="042" ind1=" " ind2=" ">
    <subfield code="a">dc</subfield>
  </datafield>
  <datafield tag="100" ind1="1" ind2="0">
    <subfield code="a">Popper, Hayd&#xE9;e</subfield>
    <subfield code="e">author</subfield>
  </datafield>
  <datafield tag="245" ind1="0" ind2="0">
    <subfield code="a">Les groupes embo&#xEE;t&#xE9;s, une r&#xE9;sonance convoqu&#xE9;e</subfield>
  </datafield>
  <datafield tag="260" ind1=" " ind2=" ">
    <subfield code="c">2016.
							</subfield>
  </datafield>
  <datafield tag="500" ind1=" " ind2=" ">
    <subfield code="a">39</subfield>
  </datafield>
  <datafield tag="520" ind1=" " ind2=" ">
    <subfield code="a">Les effets de redoublement, de r&#xE9;it&#xE9;ration d&#x2019;un mat&#xE9;riel psychique, de r&#xE9;p&#xE9;titions d&#x2019;un groupe &#xE0; un autre sont des ph&#xE9;nom&#xE8;nes auxquels la pratique clinique des groupes nous confronte fr&#xE9;quemment. Des mouvements institutionnels se redoublent &#xE9;galement dans des mouvements individuels ou groupaux. Cet article essaye de r&#xE9;fl&#xE9;chir sur les effets de r&#xE9;sonance entre les diff&#xE9;rents niveaux et sur ce que l&#x2019;on peut observer et entendre &#xE0; partir d&#x2019;une clinique th&#xE9;rapeutique de groupes embo&#xEE;t&#xE9;s. L&#x2019;exemple du fonctionnement et de la dynamique entre deux groupes parall&#xE8;les parents et enfants ainsi que le groupe de th&#xE9;rapeutes constitu&#xE9; en post-groupe viendra &#xE9;tayer ce travail. Les &#xE9;chos en r&#xE9;sonance peuvent permettre l&#x2019;identification d&#x2019;&#xE9;l&#xE9;ments r&#xE9;p&#xE9;titifs, qui confirmeraient par leur caract&#xE8;re it&#xE9;ratif une forme de blocage individuel de la fonction repr&#xE9;sentative et &#xE9;laboratrice, ou l&#x2019;expression d&#x2019;une non-transformation des &#xE9;l&#xE9;ments transg&#xE9;n&#xE9;rationnels transmis. L&#x2019;analyse des interactions entre ces groupes montre la richesse d&#x2019;une observation participante groupale et son int&#xE9;r&#xEA;t th&#xE9;rapeutique.</subfield>
  </datafield>
  <datafield tag="520" ind1=" " ind2=" ">
    <subfield code="a">Interlocking groups, invoking resonanceThe effects of reduplicating, of reiterating psychic material, of repetitions from one group to another, are phenomena with which the clinical work with groups faces us frequently. Institutional movements are also reduplicated in individual or group movements. This article seeks to reflect on the effects of resonance between the different levels and on what can be observed and understood from a therapeutic clinical approach to interlocking groups. The example of the functioning and the dynamic between two parallel groups of parents and children, as well as the group of therapists constituted as a post-group, will support the considerations put forward in this article. Resonating echos can help to identify repetitive elements which, owing to their repetitive character, confirm a form of individual blocking of the representative and elaborative function, or the expression of a non-transformation of the transgenerational elements transmitted. An analysis of the interactions between these groups shows the richness of a group participant observation and its therapeutic interest.</subfield>
  </datafield>
  <datafield tag="520" ind1=" " ind2=" ">
    <subfield code="a">Los efectos de la repetici&#xF3;n, de la reiteraci&#xF3;n del material cl&#xED;nico de un grupo a otro son fen&#xF3;menos a los cuales la pr&#xE1;ctica cl&#xED;nica de los grupos nos confronta frecuentemente. Los movimientos institucionales se repiten igualmente en los movimientos individuales o grupales. Este art&#xED;culo intenta reflexionar sobre los efectos de resonancia entre los diferentes niveles y sobre los que podemos observar y escuchar a partir de una cl&#xED;nica terap&#xE9;utica de grupos interconectados. El ejemplo del funcionamiento y la din&#xE1;mica entre dos grupos paralelos de padres e hijos as&#xED; como el grupo de terapeutas constituido en post grupo vendr&#xE1; a apoyar este trabajo. Los ecos en resonancia pueden permitir la identificaci&#xF3;n de los elementos repetitivos, que confirmar&#xED;an por su car&#xE1;cter iterativo una forma de bloqueo individual de la funci&#xF3;n representativa y elaboradora, o la expresi&#xF3;n de una no transformaci&#xF3;n de los elementos transgeneracionales transmitidos. El an&#xE1;lisis de las interacciones entre estos grupos muestra la riqueza de una observaci&#xF3;n participativa grupal y su inter&#xE9;s terap&#xE9;utico.</subfield>
  </datafield>
  <datafield tag="690" ind1=" " ind2=" ">
    <subfield code="a">embo&#xEE;tements</subfield>
  </datafield>
  <datafield tag="690" ind1=" " ind2=" ">
    <subfield code="a">Groupes</subfield>
  </datafield>
  <datafield tag="690" ind1=" " ind2=" ">
    <subfield code="a">observation participante</subfield>
  </datafield>
  <datafield tag="690" ind1=" " ind2=" ">
    <subfield code="a">r&#xE9;sonance</subfield>
  </datafield>
  <datafield tag="690" ind1=" " ind2=" ">
    <subfield code="a">Groups</subfield>
  </datafield>
  <datafield tag="690" ind1=" " ind2=" ">
    <subfield code="a">interlockings</subfield>
  </datafield>
  <datafield tag="690" ind1=" " ind2=" ">
    <subfield code="a">participant observation</subfield>
  </datafield>
  <datafield tag="690" ind1=" " ind2=" ">
    <subfield code="a">resonance</subfield>
  </datafield>
  <datafield tag="786" ind1="0" ind2=" ">
    <subfield code="n">Revue de psychoth&#xE9;rapie psychanalytique de groupe | 66 | 1 | 2016-04-05 | p. 187-196 | 0297-1194</subfield>
  </datafield>
  <datafield tag="856" ind1="4" ind2="1">
    <subfield code="u">https://shs.cairn.info/revue-de-psychotherapie-psychanalytique-de-groupe-2016-1-page-187?lang=fr&amp;redirect-ssocas=7080</subfield>
  </datafield>
  <datafield tag="999" ind1=" " ind2=" ">
    <subfield code="c">1594009</subfield>
    <subfield code="d">1594009</subfield>
  </datafield>
</record>
